000 00451nam a2200145 4500
999 _c6819
_d6819
008 170503b xxu||||| |||| 00| 0 eng d
022 _a0119-9000
082 _aDPer 641.505 C77 Jan-June 2013 v.13-14
245 _aFine dining in style at chef's quarter.
260 _aPhilippines:
_bUBM Medica,
_c©Jan-June 2013.
300 _av13 n12, pages 66-67:
_billustrations;
_c29 cm.
500 _aCook.
650 0 _920648
_aCooking
942 _2ddc
_cPER